[Event "Uralsk-ch Men 2019"]
[Site "Khanty-Mansiysk"]
[Date "2019.03.15"]
[Round "4.2"]
[White "Drygalov, Sergey"]
[Black "Aleksander, Gutenev"]
[Result "1-0"]
[WhiteElo "2453"]
[BlackElo "2452"]
[Annotator "TA"]
[PlyCount "135"]
[EventDate "2019.03.15"]
[EventType "swiss"]
[EventCountry "RUS"]
[SourceTitle "playchess.com"]
[Source "ChessBase"]
[SourceQuality "1"]

{[%evp 12,135,8,12,21,22,18,17,24,24,18,10,36,31,20,48,35,18,58,25,72,81,87,56,75,25,35,58,93,78,106,110,110,97,92,104,127,112,110,111,116,105,84,74,75,75,75,66,62,61,70,54,66,65,61,71,68,60,64,65,75,75,103,87,94,86,86,85,76,102,95,77,85,91,113,99,97,75,85,0,75,0,109,114,91,103,116,61,61,65,114,87,118,82,124,124,125,120,126,129,127,127,114,117,254,259,440,433,4363,1146,4034,1760,3612,1942,29957,29963,29962,29960,29977,29975,29975,29972,29974,29969,29969,29969]} 1. d4 Nf6 2. c4 g6 3. Nc3 d5 4. Nf3 Bg7 5. Qb3 dxc4 6. Qxc4 O-O 7. e4 Be6 {D97: Grünfeld: Russian System: 7 e4, replies other than 7...Bg4} (7... Nc6 8. Be2 e5 9. d5 Nd4 10. Nxd4 exd4 11. Qxd4 c6 12. Qc4 b5 13. Qxc6 Bd7 14. Qd6 Re8 15. Bg5 Rb8 16. a3 {½-½ (31) Giri,A (2783)-Mamedyarov,S (2817) Wijk aan Zee 2019}) 8. d5 Bc8 $1 9. e5 Nfd7 {The position is equal.} 10. e6 fxe6 11. dxe6 Nb6 12. Qh4 $36 {[%mdl 2048] White has some pressure.} Nc6 {[#] aiming for ...Rxf3!} 13. Be2 Nd4 14. O-O Nxe6 15. Be3 $146 (15. Rd1 {is interesting.} Qe8 16. a4 Bd7 17. Be3 Kh8 18. Bh6) ({Predecessor:} 15. Rd1) 15... Bd7 16. Rad1 {[%mdl 1024] [#] Hoping for Bxb6. White has strong compensation.} Qe8 17. Qe4 {Black must now prevent Bxb6.} Kh8 18. h4 Rf5 19. Rfe1 Nc5 20. Qc2 {Threatens to win with g4.} Nca4 21. Nxa4 Bxa4 22. b3 Bc6 23. Nd4 Rf6 24. Bg5 Rd6 25. Nxc6 Qxc6 26. Qxc6 bxc6 27. Bxe7 Rxd1 28. Bxd1 Re8 29. Bb4 Rxe1+ 30. Bxe1 $14 {[%mdl 4096] Endgame KBB-KBN} Nd5 31. Bd2 Bc3 32. Bc1 Bf6 33. g3 Nc3 34. Bf3 Nxa2 35. Be3 a5 36. Bxc6 Be5 37. Kf1 Kg7 38. f4 Bc3 39. Ke2 Nb4 40. Be4 h5 41. Bf2 Kf6 42. Kf3 Bb2 43. Ba7 Bc3 44. Ke2 Kf7 45. Bf2 Kf6 46. Kf3 Bb2 $1 47. g4 hxg4+ 48. Kxg4 Bc3 49. f5 (49. Be3 $16) 49... gxf5+ 50. Bxf5 Nd5 51. Bc2 Bb2 52. h5 Bc1 53. Bd4+ Ke7 54. Kf3 Bh6 55. Be4 Nf6 56. Bg6 Nd5 57. Ke4 Kd6 (57... c6 $16 58. Bf2 Bd2) 58. Bf7 $18 Ne7 $2 (58... c6 59. Bxd5 cxd5+ 60. Kd3 Bf8) 59. Be5+ Kc6 (59... Kc5 $142 60. Bxc7 Nc8) 60. Bf4 Bf8 61. h6 Bxh6 62. Bxh6 Nc8 63. Be8+ {White mates.} Kb6 64. Be3+ Ka6 65. Kd5 Ne7+ 66. Kc5 Nf5 67. Bb5+ Kb7 68. Bd2 {Accuracy: White = 60%, Black = 44%.} 1-0

[Event "Uralsk-ch Men 2019"]
[Site "Khanty-Mansiysk"]
[Date "2019.03.15"]
[Round "4.3"]
[White "Iljiushenok, Ilia"]
[Black "Popov, Mikhail"]
[Result "1-0"]
[WhiteElo "2524"]
[BlackElo "2381"]
[Annotator "TA"]
[PlyCount "143"]
[EventDate "2019.03.15"]
[EventType "swiss"]
[EventCountry "RUS"]
[SourceTitle "playchess.com"]
[Source "ChessBase"]
[SourceQuality "1"]

{[%evp 11,143,31,15,1,6,1,64,54,60,50,54,59,65,66,57,39,53,35,52,44,52,48,62,35,58,46,102,80,82,78,109,107,117,119,103,113,110,110,110,108,107,107,112,103,104,82,81,83,109,108,139,128,131,120,181,181,164,160,145,141,200,183,208,188,243,231,251,172,219,212,200,135,130,0,206,197,193,186,179,171,238,235,246,256,253,231,237,230,206,182,168,0,233,230,245,214,212,0,233,233,333,129,231,227,212,139,156,156,152,103,258,118,206,178,181,175,175,172,361,358,405,368,422,421,725,720,5543,5518,5447,5169,5089,5081,5081,4132]} 1. d4 d5 2. c4 c6 3. Nc3 Nf6 4. e3 a6 5. Qc2 e6 6. Nf3 c5 7. dxc5 {D45: Semi-Slav: 5 e3} (7. cxd5 exd5 8. Be2 Nc6 9. O-O Be6 10. Rd1 cxd4 11. Nxd4 Nxd4 12. Rxd4 Bc5 13. Rd1 Qe7 14. Bf3 O-O 15. Bxd5 Nxd5 16. Nxd5 Bxd5 17. Rxd5 {½-½ (41) Lenderman,A (2632)-Erenburg,S (2589) Tysons 2018}) 7... Bxc5 8. a3 Nc6 (8... O-O $11) 9. b4 $1 $14 {[%cal Rb4c5] White is slightly better.} Be7 10. Bb2 Qc7 11. cxd5 exd5 12. Rd1 Be6 13. Be2 O-O 14. O-O Rac8 {[#]} 15. Qb1 $146 Rfd8 16. h3 Bd6 17. Rc1 Qb8 18. Na4 Ne5 (18... Ne4 $1 $14) 19. Nc5 (19. Ng5 {is interesting.} Rxc1 20. Rxc1 Ned7 21. f4 h6 22. Nxe6 fxe6 23. Nb6) 19... Nxf3+ 20. Bxf3 Nd7 {[%cal Rd7c5]} 21. Nxe6 Rxc1 22. Rxc1 fxe6 23. e4 Ne5 24. Bxe5 (24. exd5 Nxf3+ 25. gxf3 Bf4 $14) 24... Bxe5 25. exd5 exd5 {[#]} 26. Bxd5+ $1 {[%mdl 512]} Kh8 (26... Rxd5 $2 27. Qb3 $18) 27. Be4 g6 28. Qb3 Bd4 {Threatening ...Qf4.} 29. g3 Rf8 30. Rc2 Qe5 31. Qd3 Qf6 {[%cal Rd4f2]} 32. Bf3 Rf7 (32... Rd8 $16 33. Qe4 b6) 33. Kg2 Kg7 34. h4 h5 35. a4 {[%cal Ba3a4,Ba4a5][%mdl 32]} Ba7 (35... Rd7 $16 36. Re2 Qf7) 36. Rd2 Bb6 37. a5 Ba7 (37... Bc7 {was worth a try.} 38. Be4 (38. Bxb7 Bxa5 39. bxa5 Rxb7 $16) 38... Re7) 38. Bd5 $18 Rd7 39. Qe4 Qe7 {[#]} 40. Qc4 $1 Qd8 41. Rd3 Qf6 42. Rd2 (42. Qc2 $16) 42... Qd8 $1 43. Bg8 Qc7 44. Be6 $36 {[%mdl 2048] Black is under strong pressure.} Re7 45. Qd5 Qc3 (45... Bb8 $142 46. Bd7 Qc3) 46. Qd8 Qc6+ 47. Bd5 Qf6 48. Bb3 Qf8 49. Qd5 Qc8 50. Rc2 Qf8 51. Rd2 $2 (51. Bc4 $18) 51... Qf6 $2 (51... Qc8 $1 $11 {and Black is okay.}) 52. Qg8+ Kh6 53. Qd8 {Re2! is the strong threat.} Kg7 54. Qg8+ Kh6 55. Bc2 Rd7 (55... Qc6+ $142 56. f3 Re8) 56. Re2 $2 (56. Rxd7 {gets mated.} Qxf2+ 57. Kh3 Qf1+ 58. Kh2 Qg1+ 59. Kh3 Qh1#) (56. Bxg6 $1 $18 {is the precise move to win. Intending Be4 and mate.} Rg7 {[%mdl 64] Double Attack} 57. Qa8 Bxf2 58. Rxf2) 56... Re7 (56... Bd4 $16 {was necessary.} 57. Qc4 Qf7) 57. Qd8 (57. Rxe7 {is a self mate.} Qxf2+ 58. Kh3 Qf1+ 59. Kh2 Qg1+ 60. Kh3 Qh1#) 57... Rf7 58. Qd2+ Kg7 {White must now prevent ...Qf3+.} 59. Be4 Qd4 60. Qc2 Qf6 $2 (60... Re7 $16 61. Bd3 Qd5+ 62. f3 Rxe2+ 63. Qxe2 Bd4) 61. Qd3 (61. Bd5 $18 {has better winning chances.} Re7 62. Rxe7+ Qxe7 63. Qc8) 61... Re7 (61... Qd4 $16 {might work better.}) 62. Rc2 Rf7 63. Bd5 Rd7 64. Qe4 Qd4 $2 (64... Re7 {was called for.} 65. Qd3 Rd7) 65. Bxb7 Qxe4+ 66. Bxe4 {[%mdl 4096] Endgame KRB-KRB} Bd4 67. Rc6 {White is clearly winning.} Bf6 (67... Rf7 $142 68. Rxg6+ Kf8) 68. Rxa6 Rd4 {[#]} 69. Rxf6 $1 Kxf6 70. a6 Rxe4 71. a7 Re8 72. b5 {Accuracy: White = 69%, Black = 45%.} 1-0

[Event "Uralsk-ch Men 2019"]
[Site "Khanty-Mansiysk"]
[Date "2019.03.15"]
[Round "4.4"]
[White "Kabanov, Nikolai"]
[Black "Drygalov, Andrey"]
[Result "1/2-1/2"]
[WhiteElo "2447"]
[BlackElo "2491"]
[Annotator "TA"]
[PlyCount "95"]
[EventDate "2019.03.15"]
[EventType "swiss"]
[EventCountry "RUS"]
[SourceTitle "playchess.com"]
[Source "ChessBase"]
[SourceQuality "1"]

{[%evp 13,95,10,18,17,19,4,14,17,22,12,12,17,11,13,16,9,18,16,7,0,7,10,12,0,-10,0,0,0,0,0,0,0,0,0,0,0,0,0,0,0,0,0,0,13,36,42,32,38,31,31,79,79,102,91,102,78,76,67,127,124,117,130,127,116,120,79,100,12,110,97,135,8,84,56,77,60,114,114,120,120,128,0,29,0]} 1. e4 c5 2. Nf3 d6 3. Bb5+ Nd7 4. d4 cxd4 5. Qxd4 a6 6. Bxd7+ Bxd7 7. Nc3 e5 8. Qd3 {B51: Sicilian: Moscow Variation (3 Bb5+) without 3...Bd7} Rc8 9. O-O Qc7 10. Rd1 {The position is equal.} h6 11. Nd2 Bg4 12. f3 Be6 13. Nf1 Nf6 14. Ne3 Be7 15. a4 O-O {[#]} 16. Kh1 $146 Rfd8 17. a5 d5 18. Ncxd5 Bxd5 19. exd5 Bc5 20. c3 Bxe3 21. d6 Qb8 22. Bxe3 {aiming for c4.} Rc6 23. Bb6 Rdxd6 24. Qf5 Nd5 25. Bf2 Nf4 26. g3 $36 {[%mdl 2048] White fights for an advantage.} Ng6 27. Bb6 Ne7 28. Qe4 Nc8 29. Bg1 f6 30. b4 Rxd1 31. Rxd1 Rd6 32. Rxd6 Nxd6 33. Qd5+ Nf7 34. c4 Qc8 35. b5 Kf8 ({Black should play} 35... g6 $14) 36. Bc5+ $16 Ke8 {[#]} 37. bxa6 $1 bxa6 38. Kg2 h5 39. h4 g5 40. hxg5 (40. Kh2 $16) 40... fxg5 (40... Nxg5 $11 41. Qg8+ Kd7 42. Qd5+ Ke8) 41. Bf2 g4 {[#]} 42. c5 (42. f4 $1 $16) 42... gxf3+ (42... Qd7 $11 {remains equal.} 43. Qe4 Qe6) 43. Qxf3 Qe6 44. Qxh5 e4 (44... Qd5+ $14 45. Kh2 Qe4) 45. Be3 Qa2+ 46. Kh3 Qa1 {Strongly threatening ...Qh1+.} 47. Kg2 (47. Qf5 $16) 47... Qa2+ $1 $11 48. Kh3 {Accuracy: White = 71%, Black = 58%.} 1/2-1/2

[Event "Uralsk-ch Men 2019"]
[Site "Khanty-Mansiysk"]
[Date "2019.03.15"]
[Round "4.5"]
[White "Postnikov, Daniil"]
[Black "Savitskiy, Sergey"]
[Result "0-1"]
[WhiteElo "2382"]
[BlackElo "2401"]
[Annotator "TA"]
[PlyCount "86"]
[EventDate "2019.03.15"]
[EventType "swiss"]
[EventCountry "RUS"]
[SourceTitle "playchess.com"]
[Source "ChessBase"]
[SourceQuality "1"]

{[%evp 19,86,39,35,17,12,7,4,0,0,0,0,0,10,-54,-52,-43,-42,-51,-10,-98,-92,-147,-117,-137,-135,-154,-156,-192,-191,-172,-152,-159,-158,-209,-208,-248,-242,-243,-247,-214,-224,-295,-301,-347,-304,-320,-328,-403,-408,-403,-400,-479,-476,-486,-498,-472,-481,-600,-510,-595,-537,-586,-601,-740,-703,-2753,-2466,-6065,-5720]} 1. e4 c5 2. Nf3 d6 3. d4 cxd4 4. Nxd4 Nf6 5. Nc3 a6 6. h3 e6 7. g4 d5 8. exd5 Nxd5 9. Nde2 {B81: Sicilian Scheveningen: Keres Attack} h5 (9... Bb4 10. Bg2 O-O 11. O-O Nxc3 12. Nxc3 Qc7 13. Qd4 Nc6 14. Bxc6 Bxc3 15. Qxc3 bxc6 16. Be3 e5 17. Rae1 Bd7 18. Bc5 {½-½ (62) Fedoseev,V (2665)-Kokarev,D (2636) Novosibirsk 2016}) 10. Nxd5 exd5 {LiveBook: 4 Games} 11. Nf4 {White is slightly better.} hxg4 12. Qxd5 Nc6 13. Be3 $146 ({Predecessor:} 13. Qxd8+ Kxd8 14. Be3 Ke8 15. O-O-O Bf5 16. Bg2 gxh3 17. Bxh3 Bxh3 18. Rxh3 Rxh3 19. Nxh3 Rd8 {½-½ (19) Baranyuk,A (2246)-Hechl,G (2175) ICCF email 2013}) 13... Bb4+ 14. c3 Qxd5 15. Nxd5 Ba5 $1 16. Nb6 ({Better is} 16. h4 $11) 16... Bxb6 $1 $15 17. Bxb6 gxh3 18. O-O-O g5 19. Bc4 (19. Rd3 $11) 19... Kf8 $17 20. f3 (20. Rd6 $142) 20... Rh6 21. Be3 f6 22. Rd6 {Bxg5! is the strong threat.} Kg7 23. Bd3 {[#]} Ne5 $1 24. Be2 {intending f4.} Rh4 25. Bf2 Rh8 26. Bg3 (26. Rh2 $17 {keeps fighting.}) 26... Bf5 $19 27. Rb6 Nd3+ 28. Bxd3 Bxd3 29. Rxb7+ Kg6 30. Rh2 Rae8 31. Rd7 Bf1 32. Rf2 Bg2 33. f4 Re3 34. f5+ Kh5 35. Bh2 g4 {[#] And now ...g3 would win.Black is clearly winning.} 36. Rg7 Rf3 37. Rd2 Rxf5 38. Rd4 Rg5 39. Rxg5+ Kxg5 40. c4 f5 {[%cal Bf6f5,Bf5f4][%mdl 32]} 41. c5 Be4 {White must now prevent ...Kh4.} 42. Rd7 f4 43. c6 g3 {Precision: White = 20%, Black = 80%.} 0-1

[Event "Uralsk-ch Men 2019"]
[Site "Khanty-Mansiysk"]
[Date "2019.03.15"]
[Round "4.6"]
[White "Aleksander, Sergeyev"]
[Black "Rozhkov, Viacheslav"]
[Result "0-1"]
[WhiteElo "2397"]
[BlackElo "2255"]
[Annotator "TA"]
[PlyCount "75"]
[EventDate "2019.03.15"]
[EventType "swiss"]
[EventCountry "RUS"]
[SourceTitle "playchess.com"]
[Source "ChessBase"]
[SourceQuality "1"]

{[%evp 9,75,58,74,66,84,34,39,42,45,29,52,58,39,41,46,16,16,18,10,0,0,-1,72,50,76,75,93,33,35,0,0,-53,-25,-32,-30,-46,-29,-77,-83,-80,-81,-90,0,0,0,0,0,-4,0,0,0,-47,-39,-170,-165,-203,-206,-353,-334,-302,-231,-491,-488,-456,-479,-29989,-29990,-29999]} 1. Nf3 d5 2. c4 Nf6 3. cxd5 Nxd5 4. d4 Bf5 5. Nbd2 Nf6 6. Qb3 {D06: Queen's Gambit: Symmetrical and Baltic Defences} Qc8 7. e3 (7. g3 c6 8. Bg2 Nbd7 9. O-O e6 10. Re1 Be7 11. e4 Bg6 12. Nh4 O-O 13. Nxg6 hxg6 {1-0 (31) Andriasian,Z (2622)-Poormosavi,S (2056) Yerevan 2016}) 7... Nbd7 8. Bc4 $146 {White is slightly better.} ({Predecessor:} 8. Be2 h6 9. O-O e6 10. Nc4 Be7 11. Bd2 O-O 12. Rac1 Be4 13. Nfe5 {½-½ (43) Wurtz,J (2001)-Christensen,E (2091) Copenhagen 2006}) 8... e6 9. e4 Nxe4 10. Nxe4 Bxe4 {[#]} 11. Bxe6 $1 {[%mdl 512]} Bb4+ (11... fxe6 12. Qxe6+) 12. Bd2 Bxd2+ 13. Nxd2 Bg6 $1 14. Bh3 O-O 15. O-O Kh8 (15... Qd8 $11) 16. Rfe1 f5 17. Nf3 Bf7 18. Qd3 (18. Qb5 $16) 18... g6 $14 19. d5 Nf6 20. Re5 (20. Qc3 $11 Bxd5 21. Re7) 20... Qd8 {[%cal Rf7d5]} 21. Rd1 Qd6 22. Qd4 Rae8 23. Rxe8 Rxe8 24. Qxa7 Bxd5 25. g3 {[#]} c5 (25... Qb4 $1 $17 26. Qd4 Qxd4 27. Nxd4 Bxa2) 26. Bg2 $11 Qc6 27. Qa3 b5 {[%cal Bb7b5,Bb5b4][%mdl 32]} 28. Nh4 Bxg2 29. Nxg2 Ne4 30. Qa7 Ng5 31. Qa3 (31. Qd7 $15 Qxd7 32. Rxd7) 31... b4 $19 32. Qd3 Nf3+ 33. Kh1 {[#]} (33. Kf1 {only move.}) 33... c4 $1 {[%cal Rc4d3]} 34. Qf1 g5 $40 {[%cal Bg6g5,Bg5h4][%mdl 160] Black goes for the king.} 35. Rc1 $2 (35. Ne3 c3 36. bxc3 bxc3 37. Rc1) 35... Qh6 {[%csl Gf3][%cal Rh6h2]} 36. h4 gxh4 37. g4 (37. Nxh4 $19 c3 38. bxc3 bxc3 39. Rxc3) 37... Qd6 {[%csl Gf3][%cal Rd6h2]} 38. Ra1 {Precision: White = 34%, Black = 77%.} 0-1

[Event "Uralsk-ch Men 2019"]
[Site "Khanty-Mansiysk"]
[Date "2019.03.16"]
[Round "5.1"]
[White "Pridorozhni, Aleksei"]
[Black "Drygalov, Sergey"]
[Result "1/2-1/2"]
[WhiteElo "2593"]
[BlackElo "2453"]
[Annotator "TA"]
[PlyCount "65"]
[EventDate "2019.03.12"]
[EventType "swiss"]
[EventCountry "RUS"]
[SourceTitle "playchess.com"]
[Source "ChessBase"]
[SourceQuality "1"]

{[%evp 9,65,0,0,0,11,14,26,8,79,37,69,51,47,39,39,39,39,42,47,55,91,39,30,17,51,21,22,21,40,22,22,22,22,22,22,19,19,0,14,12,25,18,24,0,0,0,24,0,0,0,0,0,0,0,0,0,0,0]} 1. e4 c5 2. Na3 (2. Nf3 Nc6 3. d4 cxd4 4. Nxd4 Nf6 5. Nc3 e5 6. Ndb5 d6 7. Bg5 a6 8. Na3 b5 9. Nd5 Be7 10. Bxf6 Bxf6 11. c3 Bg5 12. Nc2 Rb8 13. Be2 O-O 14. O-O Kh8 15. Bg4 Bb7 16. Ncb4 Nxb4 17. cxb4 g6 18. a4 bxa4 19. Rxa4 Bc6 20. Be2 Bxa4 21. Qxa4 f5 22. exf5 Rxf5 {½-½ (30) Giri,A (2783)-Carlsen,M (2835) Wijk aan Zee 2019}) 2... a6 3. g3 b5 4. Bg2 Bb7 5. d3 $146 ({Predecessor:} 5. c3 Nf6 6. Qe2 e5 7. Nc2 g6 8. Nh3 Bg7 9. O-O O-O {½-½ (67) Lumsdon,A (1994)-Vulevic,V (2225) Basel 2017}) 5... e6 6. c4 {B31: Sicilian: 2...Nc6 3 Bb5 g6} b4 7. Nc2 Nc6 8. f4 {White has an edge.} Nd4 (8... Be7 $11) 9. Nf3 (9. Nxd4 {is interesting.} cxd4 10. Nf3 Qb6 11. O-O Nf6 12. a3) 9... Nxf3+ 10. Qxf3 Ne7 11. Qf2 Nc6 12. Be3 d6 13. d4 cxd4 14. Nxd4 Qc7 15. b3 (15. O-O $16) 15... Be7 $14 16. O-O O-O 17. Rad1 Nxd4 18. Bxd4 e5 19. Bb6 Qc8 20. f5 a5 21. h4 Ra6 22. Be3 a4 23. Qe1 Qa8 24. Bd2 axb3 25. axb3 Ra3 26. Rb1 Ra2 27. Rf2 Bd8 28. Be3 ({But not} 28. Bxb4 Bb6 $17) 28... Ra6 {The position is equal.} 29. Bd2 Bb6 30. Be3 Bd8 31. Bd2 Bb6 32. Be3 Bd8 33. Bd2 {Accuracy: White = 59%, Black = 64%.} 1/2-1/2

[Event "Uralsk-ch Men 2019"]
[Site "Khanty-Mansiysk"]
[Date "2019.03.16"]
[Round "5.2"]
[White "Rozhkov, Viacheslav"]
[Black "Iljiushenok, Ilia"]
[Result "1/2-1/2"]
[WhiteElo "2255"]
[BlackElo "2524"]
[Annotator "ChessBase"]
[PlyCount "114"]
[EventDate "2019.03.12"]
[EventType "swiss"]
[EventCountry "RUS"]
[SourceTitle "playchess.com"]
[Source "ChessBase"]
[SourceQuality "1"]
[TimeControl "5400+30"]

1. e4 {[%emt 0:00:00]} e6 {[%emt 0:00:00]} 2. d4 {[%emt 0:00:00]} d5 {[%emt 0:00:00]} 3. e5 {[%emt 0:00:18]} c5 {[%emt 0:00:00]} 4. c3 {[%emt 0:00:04]} Nc6 {[%emt 0:00:00]} 5. Nf3 {[%emt 0:00:32]} Bd7 {[%emt 0:00:28]} 6. a3 {[%emt 0:01:41]} Nge7 {[%emt 0:01:52]} 7. Be3 {[%emt 0:03:13]} Nf5 {[%emt 0:02:14]} 8. Bd3 {[%emt 0:01:19]} Nxe3 {[%emt 0:06:40]} 9. fxe3 {[%emt 0:00:06]} f6 {[%emt 0:00:44]} 10. O-O {[%emt 0:00:28]} c4 {[%emt 0:06:27]} 11. Bc2 {[%emt 0:35:37]} f5 {[%emt 0:06:01]} 12. Nbd2 {[%emt 0:03:15]} Na5 {[%emt 0:07:04]} 13. Kh1 {[%emt 0:16:15]} Be7 {[%emt 0:14:33]} 14. g4 {[%emt 0:01:09]} g6 {[%emt 0:03:16]} 15. gxf5 {[%emt 0:01:32]} exf5 {[%emt 0:00:56]} 16. Rg1 {[%emt 0:07:42]} b5 {[%emt 0:10:53]} 17. Nf1 {[%emt 0:06:21]} Be6 {[%emt 0:06:06]} 18. Ng3 {[%emt 0:01:38]} Nc6 {[%emt 0:05:57]} 19. Ne2 {[%emt 0:00:33]} Qd7 {[%emt 0:03:09]} 20. Nf4 {[%emt 0:00:09]} a5 {[%emt 0:01:20]} 21. Ng5 {[%emt 0:02:01]} Bxg5 {[%emt 0:00:32]} 22. Rxg5 {[%emt 0:00:02]} Ne7 {[%emt 0:00:57]} 23. Qf3 {[%emt 0:01:18]} Bf7 {[%emt 0:06:55]} 24. Rg2 {[%emt 0:06:16]} Qc6 {[%emt 0:01:55]} 25. b3 {[%emt 0:02:21]} Kd7 {[%emt 0:02:40]} 26. Rb1 {[%emt 0:01:29]} Rhb8 {[%emt 0:01:03]} 27. Qh3 {[%emt 0:01:27]} Bg8 {[%emt 0:00:34]} 28. e4 {[%emt 0:00:32]} Rf8 {[%emt 0:05:09]} 29. bxc4 {[%emt 0:01:23]} bxc4 {[%emt 0:00:03]} 30. exf5 {[%emt 0:00:04]} Nxf5 {[%emt 0:00:04]} 31. Nh5 {[%emt 0:03:00]} Kc7 {[%emt 0:01:14]} 32. Nf6 {[%emt 0:01:28]} Be6 {[%emt 0:01:05]} 33. Bxf5 {[%emt 0:00:06]} Bxf5 {[%emt 0:00:09]} 34. Qxh7+ {[%emt 0:00:06]} Kc8 {[%emt 0:00:04]} 35. Re1 {[%emt 0:01:36]} Rb8 {[%emt 0:00:30]} 36. Qg7 {[%emt 0:00:40]} Rd8 {[%emt 0:00:09]} 37. Kg1 {[%emt 0:00:58]} Rb7 {[%emt 0:00:12]} 38. Qh6 {[%emt 0:00:01]} Qe6 {[%emt 0:00:45]} 39. Qh4 {[%emt 0:01:15]} Rb3 {[%emt 0:00:40]} 40. Rc1 {[%emt 0:00:48]} a4 {[%emt 0:00:15]} 41. Qh7 {[%emt 0:00:08]} Kb8 {[%emt 0:02:14]} 42. h4 {[%emt 0:00:46]} Rb7 {[%emt 0:02:55]} 43. Qh6 {[%emt 0:00:03]} Ka8 {[%emt 0:00:23]} 44. Qf4 {[%emt 0:00:42]} Rb3 {[%emt 0:01:03]} 45. h5 {[%emt 0:00:06]} gxh5 {[%emt 0:00:15]} 46. Rg7 {[%emt 0:00:46]} Rb2 {[%emt 0:00:26]} 47. Qh4 {[%emt 0:00:58]} Rdb8 {[%emt 0:00:20]} 48. Nxh5 {[%emt 0:00:14]} Be4 {[%emt 0:00:38]} 49. Nf4 {[%emt 0:00:08]} Qf5 {[%emt 0:02:06]} 50. Qf6 {[%emt 0:00:05]} Qxf6 {[%emt 0:01:12]} 51. exf6 {[%emt 0:00:01]} Rf8 {[%emt 0:00:04]} 52. Nh5 {[%emt 0:01:36]} Bf3 {[%emt 0:00:08]} 53. Rg5 {[%emt 0:00:49]} Bxh5 {[%emt 0:00:28]} 54. Rxh5 {[%emt 0:00:01]} Rxf6 {[%emt 0:00:04]} 55. Rxd5 {[%emt 0:00:07]} Rg6+ {[%emt 0:01:16]} 56. Kh1 {[%emt 0:00:04]} Rh6+ {[%emt 0:00:44]} 57. Kg1 {[%emt 0:00:01]} Rg6+ {[%emt 0:00:10]} 1/2-1/2

[Event "Uralsk-ch Men 2019"]
[Site "Khanty-Mansiysk"]
[Date "2019.03.16"]
[Round "5.3"]
[White "Savitskiy, Sergey"]
[Black "Kabanov, Nikolai"]
[Result "1-0"]
[WhiteElo "2401"]
[BlackElo "2447"]
[Annotator "NA RC"]
[PlyCount "53"]
[EventDate "2019.03.12"]
[EventType "swiss"]
[EventCountry "RUS"]
[SourceTitle "playchess.com"]
[Source "ChessBase"]
[SourceQuality "1"]
[TimeControl "5400+30"]

{[%evp 14,48,0,11,0,-8,14,-2,15,22,20,25,27,0,0,0,32767,18,39,56,46,4,11,-18,-4,-8,0,0,0,0,0,-35,48,32767,267,0,1197]} 1. e4 {[%emt 0:00:00]} c5 {[%emt 0:00:00]} 2. Nf3 {[%emt 0:00:00]} a6 {[%emt 0:00:00]} 3. Nc3 {[%emt 0:00:00]} b5 {[%emt 0:00:00]} 4. d4 {[%emt 0:00:23]} cxd4 {[%emt 0:00:00]} 5. Nxd4 {[%emt 0:00:05]} e6 {[%emt 0:00:06]} 6. Be3 {[%emt 0:07:52]} Bb7 {[%emt 0:00:39]} 7. Bd3 {[%emt 0:00:09]} Qc7 {[%emt 0:01:22]} 8. O-O {[%emt 0:16:01]} Nf6 {[%emt 0:00:46]} 9. a3 {[%emt 0:00:12]} Nc6 {[%emt 0:03:43]} 10. Nxc6 {[%emt 0:08:42] B48: Sicilian: Taimanov: 5 Nc3 Qc7 6 Be3 a6 without Be2} Bxc6 {[%emt 0:02:39]} 11. f4 {[%emt 0:01:02]} d6 {[%emt 0:02:40]} 12. Qf3 {[%emt 0:01:49]} Be7 {[%emt 0:08:07]} 13. Qh3 {[%emt 0:08:47]} h5 {[%emt 0:12:11]} 14. Kh1 {[%emt 0:07:01]} Qb7 {[%emt 0:01:54]} 15. Bd4 $146 {[%emt 0:01:32]} ({Predecessor:} 15. f5 e5 16. Bg5 Nd7 17. Qh4 Bxg5 18. Qxg5 Nf6 19. Rad1 h4 20. h3 O-O-O 21. Rfe1 Nh5 22. Qxh4 Nf4 23. Qg4 Kb8 {½-½ (23) Slingerland,F (2354)-Horvath,C (2537) Leiden 2008}) 15... b4 {[%emt 0:05:01]} 16. axb4 {[%emt 0:06:54]} Qxb4 {[%emt 0:04:42] Double Attack} 17. Bxf6 {[%emt 0:04:11]} Bxf6 {[%emt 0:08:43]} 18. e5 {[%emt 0:00:49]} dxe5 {[%emt 0:05:00]} 19. fxe5 {[%emt 0:03:25]} Be7 {[%emt 0:00:14]} 20. Bg6 {[%emt 0:03:57]} fxg6 {[%emt 0:00:47]} 21. Qxe6 {[%emt 0:00:09] Double Attack} Qb7 $1 {[%emt 0:01:15]} 22. Qxg6+ {[%emt 0:00:27] Double Attack} Kd8 {[%emt 0:00:05]} (22... Kd7 $1 $15 23. Rad1+ Kc7) 23. Rf7 {[%emt 0:00:43]} Re8 $2 {[%emt 0:01:23]} (23... Ra7 $1 $14) 24. Rxg7 $2 {[%emt 0:05:34]} (24. Rd1+ $18 Kc8 25. Rxg7) 24... h4 $18 {[%emt 0:01:48]} (24... Kc7 $11) 25. Rd1+ {[%emt 0:04:58]} Kc8 {[%emt 0:01:51]} 26. Nd5 {[%emt 0:00:12]} Ra7 {[%emt 0:02:27]} 27. Rxe7 {[%emt 0:00:57]} 1-0